Open Data Biblioteca Nacional de Portugal


República Portuguesa: Ministério da Cultura
Biblioteca Nacional de Portugal

Catálogo da BNP: acesso por Identificadores Unívocos
Registos Bibliográficos associados ao registo de autoridade

Etiqueta de registo: 00254nam 2200025 450
001 2233612
003 http://id.bnportugal.gov.pt/bib/catbnp/2233612
010 ## $a978-989-36411-2-5
021 ## $aPT$b554449/25
100 ## $a20251204d2025 m y0pory01030103ba
101 0# $apor
102 ## $aPT
105 ## $ay z 000yy
106 ## $ar
200 1# $aCresci sem estado - uma defesa do Anarcocapitalismo$fMiguel Anxo Bastos$gtrad., anot., sel. Manuel Ogando, António Xavier
205 ## $a1ª ed
210 #9 $aLisboa$cCataláxia,$d2025
215 ## $aXVIII, [2], 441 p.$d23 cm
675 ## $a321.01$vBN$zpor$3307088
675 ## $a329.2$vBN$zpor$31348717
675 ## $a330.34$vBN$zpor$31212049
700 #1 $aBastos Boubeta,$bMiguel Anxo,$f1967-$31496494
702 #1 $aOgando,$bManuel$4730$31973698
702 #1 $92$aXavier,$bAntónio$4730$31337128
801 #0 $aPT$bBN$gRPC
856 41 $uhttp://rnod.bnportugal.gov.pt/ImagesBN/winlibimg.aspx?skey=&doc=2233612&img=217207&save=true
900 ## $aBIBNAC$d20260120
966 ## $lBN$mFGMON$sS.C. 168201 V.$x1
966 ## $lBN$mFGMON$sS.C. 168201 V.-D$x1
971 ## $cabrito$d20251204
972 ## $e0$z0$d20260120$vlrevez
973 ## $cacosta$d20260105

Etiqueta de registo: 00254nam 2200025 450
001 2286878
003 http://id.bnportugal.gov.pt/bib/catbnp/2286878
010 ## $a978-989-36411-4-9
021 ## $aPT$b554809/25
100 ## $a20260526d2025 m y0pory01030103ba
101 0# $apor
102 ## $aPT
105 ## $aa z 000yy
106 ## $ar
200 1# $aHoppe unplugged$eopiniões, ideias e provocações de entrevistas e discursos Hans-Hermann Hoppe$fHans-Hermann Hoppe, Thomas Jacob$gtrad. Manuel Ogando
205 ## $a1ª ed
210 #9 $aLisboa$cCataláxia,$d2025
215 ## $a70 p.$cil.$d23 cm
700 #1 $aHoppe,$bHans-Hermann,$f1949-$31999249
701 #1 $a Jacob,$bThomas$4070$31999251
702 #1 $aOgando,$bManuel$4730$31973698
801 #0 $aPT$bBN$gRPC
966 ## $lBN$mFGMON$x1
971 ## $cabrito$d20260526

Etiqueta de registo: 00254nam 2200025 450
001 2287214
003 http://id.bnportugal.gov.pt/bib/catbnp/2287214
010 ## $a978-989-36411-1-8
021 ## $aPT$b555406/25
100 ## $a20260529d2025 m y0pory01030103ba
101 1# $apor$ceng
102 ## $aPT
105 ## $ay z 000yy
106 ## $ar
200 1# $aLiberalismo$esegunda a tradição Clássica$fLudwig von Mises$gtrad. Miguel Mendes de Almeida, Manuel Ogando
205 ## $a1ª ed
210 #9 $aLisboa$cCataláxia,$d2025
215 ## $a210, [2] p.$d23 cm
304 ## $aTít. orig.: Liberalism in the classical tradition
700 #1 $aMises,$bLudwig Von$3112530
702 #1 $aAlmeida,$bMiguel Mendes de$4730$31999492
702 #1 $aOgando,$bManuel$4730$31973698
801 #0 $aPT$bBN$gRPC
966 ## $lBN$mFGMON$x1
966 ## $lBN$mFGMON$x1
971 ## $cisantos$d20260529

OpendataBNP@bnportugal.pt | Mais informação sobre acesso aos dados BNP